Economía, ciencia y política : (Record no. 178352)

MARC details
000 -CABECERA
campo de control de longitud fija 00815nam a2200217 a 4500
005 - FECHA Y HORA DE LA ÚLTIMA TRANSACCIÓN
campo de control 20240913063953.0
008 - ELEMENTOS DE LONGITUD FIJA--INFORMACIÓN GENERAL
campo de control de longitud fija 151022s2012 mx r 000 0 spa d
020 ## - NÚMERO INTERNACIONAL NORMALIZADO PARA LIBROS
Número Internacional Estándar del Libro 9786077613954
035 ## - NÚMERO DE CONTROL DEL SISTEMA
Número de control de sistema UPN01000206251
049 ## - COLECCIÓN
Colección CG
050 #4 - SIGNATURA TOPOGRÁFICA DE LA BIBLIOTECA DEL CONGRESO
Número de clasificación Q143 H8
Número de documento/Ítem E2.6
245 00 - MENCIÓN DE TÍTULO
Título Economía, ciencia y política :
Resto del título estudios sobre Alexander von Humboldt a 200 años del ensayo político sobre el reino de la Nueva España /
Mención de responsabilidad, etc. coord. José Enrique Covarrubias.
260 ## - PUBLICACIÓN, DISTRIBUCIÓN, ETC.
Lugar de publicación, distribución, etc. México :
Nombre del editor, distribuidor, etc. UNAM, Instituto de Investigaciones Históricas :
-- Instituto Mora,
Fecha de publicación, distribución, etc. 2012.
300 ## - DESCRIPCIÓN FÍSICA
Extensión 291 p.
440 #0 - MENCIÓN DE SERIE/ASIENTO SECUNDARIO--TÍTULO
Título Historia económica
600 12 - ASIENTO SECUNDARIO DE MATERIA - NOMBRE PERSONAL
Nombre de persona Humboldt, Alexander von,
Fechas asociadas al nombre 1769-1859
9 (RLIN) 18605
651 #4 - ASIENTO SECUNDARIO DE MATERIA - NOMBRE GEOGRAFICO
Nombre geográfico NUEVA ESPAÑA -
Subdivisión general HISTORIOGRAFIA
9 (RLIN) 22704
700 1# - ASIENTO SECUNDARIO--NOMBRE DE PERSONAL
Nombre de persona Covarrubias, José Enrique,
Término indicativo de función/relación coord.
905 ## - TIPO DE MATERIAL
Tipo de material Libro
Holdings
Estado de retiro Estado de pérdida Fuente del sistema de clasificación o colocación Estado dañado No para préstamo Código de colección Localización permanente Ubicación/localización actual Ubicación en estantería Fecha de adquisición Total de préstamos Clasificación Código de barras Fecha visto por última vez Fecha del último préstamo Número de copia Tipo de ítem Koha
    Library of Congress Classification     Colección General Bib. Gregorio Torres Quintero Bib. Gregorio Torres Quintero Planta baja 16/08/2022 1 Q143 H8 E2.6 316731 17/08/2022 16/08/2022 1 Libro
    Library of Congress Classification     Colección General Bib. Gregorio Torres Quintero Bib. Gregorio Torres Quintero Planta baja   2 Q143 H8 E2.6 306688 31/12/2020   1 Libro